Electrodynamics of Continous Media (Record no. 3560)

MARC details
000 -LEADER
fixed length control field 00609nam a2200217 4500
003 - CONTROL NUMBER IDENTIFIER
control field OSt
005 - DATE AND TIME OF LATEST TRANSACTION
control field 20221205164153.0
008 - FIXED-LENGTH DATA ELEMENTS--GENERAL INFORMATION
fixed length control field 160414b xxu||||| |||| 00| 0 eng d
020 ## - INTERNATIONAL STANDARD BOOK NUMBER
International Standard Book Number 0750626348
040 ## - CATALOGING SOURCE
Transcribing agency 040a
082 ## - DEWEY DECIMAL CLASSIFICATION NUMBER
Classification number 537.4 LAN 1984
100 ## - MAIN ENTRY--PERSONAL NAME
Personal name Landau, L. D; Lifshitz, E.M.
9 (RLIN) 7959
245 ## - TITLE STATEMENT
Title Electrodynamics of Continous Media
250 ## - EDITION STATEMENT
Edition statement 2nd.ed
260 ## - PUBLICATION, DISTRIBUTION, ETC. (IMPRINT)
Place of publication, distribution, etc. London;
Name of publisher, distributor, etc. Butterworth Heinemann,
Date of publication, distribution, etc. 1984
300 ## - PHYSICAL DESCRIPTION
Extent xiii, 460p;
Other physical details ill :
Dimensions 14 cm
504 ## - BIBLIOGRAPHY, ETC. NOTE
Bibliography, etc Includes bibliographical references and index
650 ## - SUBJECT ADDED ENTRY--TOPICAL TERM
Topical term or geographic name as entry element Electrodynamics
9 (RLIN) 7960
650 ## - SUBJECT ADDED ENTRY--TOPICAL TERM
Topical term or geographic name as entry element Dynamics
9 (RLIN) 7961
942 ## - ADDED ENTRY ELEMENTS (KOHA)
Source of classification or shelving scheme Dewey Decimal Classification
Koha item type Short Loan
Holdings
Withdrawn status Lost status Source of classification or shelving scheme Damaged status Not for loan Home library Current library Date acquired Source of acquisition Inventory number Total Checkouts Full call number Barcode Date last seen Koha item type
    Dewey Decimal Classification     MUST Main Library MUST Main Library 14/04/2016 Purchase 03/20413   537.4 LAN 1984 2016-0914 14/04/2016 Short Loan
    Dewey Decimal Classification     MUST Main Library MUST Main Library 26/04/2016 Purchase 03/20411   537.4 LAN 1984 2016-1352 26/04/2016 Short Loan
    Dewey Decimal Classification     MUST Main Library MUST Main Library 26/04/2016 Purchase 03/20412   537.4 LAN 1984 2016-1421 26/04/2016 Short Loan